| 000 | 00503nam a22001817a 4500 | ||
|---|---|---|---|
| 003 | OSt | ||
| 005 | 20140310182404.0 | ||
| 008 | 131003t xxu||||| |||| 00| 0 eng d | ||
| 020 | _a9787107171277 | ||
| 050 |
_aPL 1129 _b.K83Sb2 2009 |
||
| 082 |
_aTR 495.1 _bK95 2009 |
||
| 245 |
_aKuaile hanyu 2 : _bstudent's book./ |
||
| 260 |
_aBeijing : _bRen min jiao yu chu ban she, _cc2009. |
||
| 300 |
_a137 p. : _bill. col. ; _c29 cm. |
||
| 651 |
_aLanguage _923110 |
||
| 942 |
_2lcc _cBK-TR |
||
| 999 |
_c12652 _d12652 |
||